| 000 | 00562nam a2200229 a 4500 | ||
|---|---|---|---|
| 001 | nice12345678 | ||
| 003 | IN_TiNIC | ||
| 005 | 20260116011616.0 | ||
| 008 | 070621s1919 alia grp 000 0 eng | ||
| 020 |
_a _c100 |
||
| 082 | 0 | 0 |
_a225.5923 _bOXF |
| 245 | _aNew Testament in Syriac | ||
| 260 |
_aAligarh _bNo Publisher _c1919 |
||
| 300 | _a194p | ||
| 500 | _aincludes index and biblioraphy | ||
| 650 | _aNew Testament-Syriac | ||
| 650 | _aBible N.T. Syriac | ||
| 710 | 2 | _aOxford University Prees | |
| 902 | _bSRS | ||
| 942 | _cBK | ||
| 999 |
_c2872 _d2872 |
||